The missing link (Record no. 80869)
[ view plain ]
| 000 -LEADER | |
|---|---|
| fixed length control field | 01560cab a22003015a 4500 |
| 001 - CONTROL NUMBER | |
| control field | L145552 |
| 008 - FIXED-LENGTH DATA ELEMENTS--GENERAL INFORMATION | |
| fixed length control field | 081021e20081018xxka f g 000 0 eng d |
| 035 ## - SYSTEM CONTROL NUMBER | |
| System control number | (Sirsi) u145552 |
| 041 0# - LANGUAGE CODE | |
| Language code of text/sound track or separate title | eng |
| 100 1# - MAIN ENTRY--PERSONAL NAME | |
| Personal name | Lal, Hamish |
| 245 04 - TITLE STATEMENT | |
| Title | The missing link |
| 260 ## - PUBLICATION, DISTRIBUTION, ETC. | |
| Date of publication, distribution, etc. | 2008 |
| 490 ## - SERIES STATEMENT | |
| Series statement | Estates Gazette |
| Volume/sequential designation | (0841) 18 October 2008, 148-150(2) |
| 520 ## - SUMMARY, ETC. | |
| Summary, etc. | Legal article looks at the importance of securities in relation to protecting the cash flow of developers and funders in the event of a link in the development chain becoming insolvent. Discusses the range of securities used, including on-demand bonds, proven default bonds, retention bonds and guarantees and personal guarantees. |
| 590 ## - LOCAL NOTE (RLIN) | |
| Local note | KA |
| 650 24 - SUBJECT ADDED ENTRY--TOPICAL TERM | |
| Topical term or geographic name entry element | CARGILL INTERNATIONAL SA V BANGLADESH SUGAR AND FOOD INDUSTRIES CORPORATION |
| 650 24 - SUBJECT ADDED ENTRY--TOPICAL TERM | |
| Topical term or geographic name entry element | EDWARD OWEN ENGINEERING LTD V BARCLAYS BANK INTERNATIONAL LTD |
| 650 24 - SUBJECT ADDED ENTRY--TOPICAL TERM | |
| Topical term or geographic name entry element | HLC ENGENHARIA E GESTAO DE PROJECTOS SA V ABN AMRO BANK NV |
| 650 24 - SUBJECT ADDED ENTRY--TOPICAL TERM | |
| Topical term or geographic name entry element | SAFEWAY STORES LTD V INTERSERVE PROJECT SERVICES LTD (FORMERLY TILBURY DOUGLAS CONSTRUCTION LTD) |
| 650 24 - SUBJECT ADDED ENTRY--TOPICAL TERM | |
| Topical term or geographic name entry element | TRADE INDEMNITY CO LTD V WORKINGTON HARBOUR & DOCK BOARD |
| 650 24 - SUBJECT ADDED ENTRY--TOPICAL TERM | |
| Topical term or geographic name entry element | ACTIONSTRENGTH LTD V INTERNATIONAL GLASS ENGINEERING INGL EN SPA AND ANOTHER |
| 650 24 - SUBJECT ADDED ENTRY--TOPICAL TERM | |
| Topical term or geographic name entry element | ALFRED MCALPINE CONSTRUCTION LTD V UNEX CORPORATION |
| 650 24 - SUBJECT ADDED ENTRY--TOPICAL TERM | |
| Topical term or geographic name entry element | ALLIED MAPLES GROUP LTD V SIMMONS AND SIMMONS |
| 650 24 - SUBJECT ADDED ENTRY--TOPICAL TERM | |
| Topical term or geographic name entry element | A STRAUME (UK) LTD V BRADLOR DEVELOPMENTS LTD |
| 651 #4 - SUBJECT ADDED ENTRY--GEOGRAPHIC NAME | |
| Geographic name | United Kingdom |
| Chronological subdivision | |
| 690 ## - LOCAL SUBJECT ADDED ENTRY--TOPICAL TERM (OCLC, RLIN) | |
| Topical term or geographic name as entry element | BUILT ENVIRONMENT-BUILDING CONTRACT FORMS-CONSTRUCTION COLLATERAL WARRANTY FORMS |
| 942 ## - ADDED ENTRY ELEMENTS (KOHA) | |
| Suppress in OPAC | 0 |
| Withdrawn status | Lost status | Source of classification or shelving scheme | Damaged status | Not for loan | Home library | Current library | Shelving location | Date acquired | Total Checkouts | Full call number | Barcode | Date last seen | Copy number | Price effective from | Koha item type |
|---|---|---|---|---|---|---|---|---|---|---|---|---|---|---|---|
| Dewey Decimal Classification | London | London | Journal article | 21/10/2008 | L145552 | 145552-2001 | 06/08/2019 | 1 | 06/08/2019 | Journal article |